Riadenie podniku na základe analýzy jeho čiastkových činností

Teoretické východiská riadenia podniku na základe jeho čiastkových činností. Kalkulácia nákladov podľa čiastkových činností (ABC). Procesné riadenie. Úroveň činností a úroveň udalostí. Podnikový proces ako základ hodnotenia efektívnosti a hospodárnosti čiastkových činností.

Guardado en:
Detalles Bibliográficos
Autor principal: Tóthová, Alena, 1968-
Otros Autores: Tóth, Miroslav, 1961-
Formato: Capítulo de libro
Lenguaje:eslovaco
Materias:
Etiquetas: Agregar Etiqueta
Sin Etiquetas, Sea el primero en etiquetar este registro!

MARC

LEADER 00000naa$a2200000$$$4500
001 0158316
005 20240502072746.4
041 0 |a slo 
044 |a SK 
245 1 0 |a Riadenie podniku na základe analýzy jeho čiastkových činností  |c Alena Tóthová, Miroslav Tóth 
520 |a Teoretické východiská riadenia podniku na základe jeho čiastkových činností. Kalkulácia nákladov podľa čiastkových činností (ABC). Procesné riadenie. Úroveň činností a úroveň udalostí. Podnikový proces ako základ hodnotenia efektívnosti a hospodárnosti čiastkových činností. 
610 2 0 |a riadenie procesné 
610 2 0 |a procesy podnikové 
610 2 0 |a náklady 
610 2 0 |a kalkulácia nákladov 
610 2 0 |a metóda ABC 
610 2 0 |a efektívnosť 
610 2 0 |a hospodárnosť 
610 2 0 |a analýzy 
100 1 |a Tóthová, Alena, 1968- 
700 1 |a Tóth, Miroslav, 1961-